000
00345nam a2200133Ia 4500
008
100328s9999 xx 000 0 und d
082
_b
17396
100
_a
चंदर कुश्न
245
_a
प्यास
260
_b
शिक्षा भारती
630
_a
प्यास
730
_a
प्यास
942
_c
BOOK
999
_c
511973
_d
511970